Piłkarze Paris-Saint Germain - nagła śmierć - Statystyki

Ogólne statystyki
  • Ten quiz został rozwiązany 517 razy
  • Średni wynik to 12 z 17
Answers on the Grid
Answers color-coded by a green-red scale on the quiz's grid according to % correct below.
Neymar
Gonzalo Higuaín
Bruno Fernandes
Kylian Mbappé
Edinson Cavani
Alexandre Lacazette
Ángel Di Maria
Georges Mikautadze
Mohamed Salah
Florian Wirtz
Mauro Icardi
Nabil Fekir
David Luiz
Kamil Grosicki
Nico Williams
Thiago Silva
Wissam Ben Yedder
Gianluigi Donnarumma
Rodri
Tomáš Rosický
Fabián Ruiz
Pablo Zabaleta
Ousmane Dembélé
Trent Alexander-Arnold
Lucas Moura
Yann Sommer
Yuri Berchiche
Rayan Cherki
Blaise Matuidi
Josko Gvardiol
Vitinha
Matheus Cunha
Bradley Barcola
Désiré Doué
Ademola Lookman
Lucas Hernández
 
Statystyki odpowiedzi
Odpowiedź % Poprawnych
Neymar
99%
Kylian Mbappé
86%
Ángel Di Maria
80%
Edinson Cavani
77%
Gianluigi Donnarumma
72%
Thiago Silva
72%
Ousmane Dembélé
70%
David Luiz
69%
Désiré Doué
69%
Bradley Barcola
67%
Fabián Ruiz
67%
Mauro Icardi
66%
Vitinha
65%
Blaise Matuidi
62%
Lucas Hernández
62%
Lucas Moura
52%
Yuri Berchiche
26%
Nie znaleziono quizów pasujących do podanych kryteriów
Rozkład punktacji
Procent ludzi z każdym wynikiem
Percentyl według liczby udzielonych odpowiedzi
Twoja historia wyników
Nie rozwiązałeś tego quizu